贵州省下辖县级行政区地图 County-level administrative divisions of Guizhou - Statistics

General Stats
  • This quiz has been taken 832 times
  • The average score is 56 of 88
Answers on the Map
Answers color-coded by a green-red scale on the quiz's map according to % correct below.
 
Answer Stats
县级类 地名 % Correct
县级市 凯里市
86%
特区 六枝特区
83%
县级市 都匀市
83%
县级市 盘州市
82%
县级市 兴义市
82%
县级市 赤水市
80%
县级市 仁怀市
80%
市辖区 水城区
78%
市辖区 白云区
77%
市辖区 花溪区
77%
息烽县
75%
市辖区 南明区
74%
自治县 威宁彝族回族苗族自治县
72%
市辖区 观山湖区
72%
市辖区 播州区
72%
市辖区 红花岗区
71%
习水县
71%
织金县
70%
县级市 黔西市
70%
市辖区 乌当区
70%
县级市 清镇市
70%
市辖区 七星关区
68%
榕江县
68%
桐梓县
68%
市辖区 云岩区
67%
修文县
67%
荔波县
67%
龙里县
67%
大方县
66%
开阳县
66%
贵定县
66%
县级市 兴仁市
66%
自治县 关岭布依族苗族自治县
65%
自治县 紫云苗族布依族自治县
64%
市辖区 钟山区
64%
从江县
64%
自治县 道真仡佬族苗族自治县
64%
纳雍县
63%
独山县
63%
自治县 松桃苗族自治县
62%
自治县 务川仡佬族苗族自治县
62%
自治县 镇宁布依族苗族自治县
61%
黎平县
61%
自治县 三都水族自治县
61%
望谟县
61%
自治县 玉屏侗族自治县
61%
市辖区 平坝区
60%
金沙县
60%
湄潭县
60%
市辖区 西秀区
59%
普定县
59%
黄平县
59%
镇远县
59%
册亨县
59%
市辖区 万山区
59%
自治县 沿河土家族自治县
59%
自治县 印江土家族苗族自治县
59%
市辖区 汇川区
59%
雷山县
58%
晴隆县
58%
市辖区 碧江区
58%
思南县
58%
赫章县
57%
三穗县
57%
县级市 福泉市
57%
麻江县
56%
罗甸县
56%
瓮安县
56%
安龙县
56%
普安县
56%
石阡县
56%
剑河县
55%
江口县
55%
施秉县
54%
惠水县
54%
贞丰县
54%
正安县
54%
德江县
53%
凤冈县
53%
台江县
52%
天柱县
52%
绥阳县
52%
余庆县
52%
平塘县
51%
长顺县
51%
岑巩县
50%
锦屏县
50%
丹寨县
49%
No matching quizzes found
Score Distribution
Percent of People with Each Score
Percentile by Number Answered
Your Score History
You have not taken this quiz